2023 NHL Draft Quiz - Statistics

General Stats
  • This quiz has been taken 16 times
  • The average score is 9 of 224
Answer Stats
Pick # Team Original Team Position Player Name % Correct
1 CHI C Connor Bedard
100%
2 ANA C Leo Carlsson
93%
3 CBJ C Adam Fantilli
79%
97 ANA D Konnor Smith
71%
4 SJS C Will Smith
71%
7 PHI RW Matvei Michkov
57%
5 MTL D David Reinbacher
50%
8 WSH C Ryan Leonard
43%
6 ARI D Dmitri Simashev
29%
13 BUF LW Zach Benson
29%
17 DET NYI D Axel Sandin Pellikka
21%
10 STL C Dalibor Dvorsky
21%
12 ARI OTT LW Daniil But
21%
15 NSH LW Matthew Wood
21%
9 DET C Nate Danielson
21%
14 PIT C Brayden Yager
14%
27 COL C Calum Ritchie
14%
164 NJD SJS RW Cole Brown
14%
28 TOR BOS C Easton Cowan
14%
20 SEA RW Eduard Sale
14%
22 PHI LAK D Oliver Bonk
14%
16 CGY LW Samuel Honzek
14%
11 VAN D Tom Willander
14%
30 CAR C Bradly Nadeau
7%
136 WSH D Cam Allen
7%
122 NJD RW Cam Squires
7%
21 MIN C Charlie Stramel
7%
95 PHI FLA C Denver Barkey
7%
213 MIN LW Jimmy Clark
7%
31 COL FLA D Mikhail Gulyayev
7%
185 TOR D Noah Chadwick
7%
64 MIN VGK C Riley Heidt
7%
172 PHI OTT C Ryan MacPherson
7%
224 CBJ VGK C Tyler Peddle
7%
179 TBL D Warren Clark
7%
149 MIN D Aaron Pionk
0%
35 CHI G Adam Gajan
0%
171 VAN D Aiden Celebrini
0%
218 NSH NJD RW Aiden Fink
0%
127 FLA D Albert Wikman
0%
100 CAR SJS RW Alexander Rykov
0%
120 PHI EDM LW Alex Ciernik
0%
99 CHI C Alex Pharand
0%
116 SEA RW Andrei Loshko
0%
40 WSH LW Andrew Cristall
0%
42 DET STL D Andrew Gibson
0%
98 CBJ D Andrew Strathmann
0%
189 DAL C Angus MacDonell
0%
206 WSH PIT G Antoine Keller
0%
39 BUF PHI C Anton Wahlberg
0%
125 DAL D Aram Minnetian
0%
157 DAL G Arno Tiefensee
0%
96 VGK D Arttu Karki
0%
175 NSH RW Austin Roest
0%
208 CGY D Axel Hurtig
0%
130 SJS CBJ D Axel Landen
0%
80 CGY LW Aydar Suniev
0%
56 EDM D Beau Akey
0%
124 BOS C Beckett Hendrickson
0%
110 MTL PIT D Bogdan Konyushkov
0%
79 DAL NSH C Brad Gardiner
0%
47 DET NSH D Brady Cleveland
0%
71 SJS PHI C Brandon Svoboda
0%
200 WSH LW Brett Hyland
0%
84 SEA D Caden Price
0%
59 ANA COL C Carey Terrance
0%
166 ARI G Carsen Musser
0%
51 PHI TBL G Carson Bjarnason
0%
50 SEA WPG C Carson Rehkopf
0%
135 PHI D Carter Sotheran
0%
214 BOS LAK LW Casper Nassen
0%
139 CAR VAN D Charles-Alexis Legault
0%
154 NJD D Chase Cheslock
0%
92 BOS C Christopher Pelosi
0%
18 WPG LW Colby Barlow
0%
103 PHI C Cole Knuble
0%
210 WPG C Connor Levis
0%
174 PIT C Cooper Foster
0%
65 ANA RW Coulson Pitre
0%
60 ANA BOS G Damian Clara
0%
186 NJD D Daniil Karpovich
0%
49 NYI C Danny Nelson
0%
32 VGK C David Edstrom
0%
196 SJS C David Klee
0%
209 NYI D Dennis Good Bogg
0%
90 NYR NJD D Drew Fortescue
0%
83 NSH TBL D Dylan MacKinnon
0%
178 NYR WPG C Dylan Roobroeck
0%
217 PIT TOR LW Emil Jarventie
0%
91 PIT COL D Emil Pieniniemi
0%
201 DET C Emmitt Finnie
0%
132 SJS D Eric Pohlkamp
0%
37 TBL MTL RW Ethan Gauthier
0%
211 TBL C Ethan Hay
0%
109 BUF LW Ethan Miedema
0%
48 CGY D Etienne Morin
0%
43 NSH VAN C Felix Nilsson
0%
62 CAR RW Felix Unger Sorum
0%
165 MTL C Filip Eriksson
0%
101 MTL LW Florian Xhekaj
0%
23 NYR RW Gabe Perreault
0%
34 CBJ RW Gavin Brindley
0%
86 BUF LAK D Gavin McCarthy
0%
63 FLA C Gracyn Sawchyn
0%
118 LAK G Hampton Slukynsky
0%
108 OTT D Hoyt Stanley
0%
153 TOR C Hudson Malinoski
0%
75 VAN D Hunter Brzustewicz
0%
193 TBL ANA C Jack Harvey
0%
137 DET D Jack Phelan
0%
69 MTL G Jacob Fowler
0%
146 WPG C Jacob Julien
0%
112 CGY C Jaden Lipinski
0%
54 LAK D Jakub Dvorak
0%
106 STL LW Jakub Stancl
0%
195 CHI D Janne Peltonen
0%
94 CAR RW Jayden Perron
0%
115 TBL C Jayson Shaugabay
0%
187 COL D Jeremy Hanzel
0%
68 NSH SJS RW Jesse Kiiskinen
0%
113 NYI LW Jesse Nurmi
0%
93 CHI DAL C Jiri Felcman
0%
70 ARI C Jonathan Castagna
0%
111 NSH C Joseph Willis
0%
121 NSH TOR G Juha Jatkola
0%
76 STL OTT C Juraj Pekarcik
0%
145 NYI C Justin Gill
0%
160 ARI VGK D Justin Kipke
0%
148 SEA D Kaden Hammell
0%
46 NSH PIT LW Kalan Lind
0%
181 MIN D Kalem Parker
0%
223 PIT FLA D Kalle Kangas
0%
36 SJS RW Kasper Halttunen
0%
147 DET TBL LW Kevin Bicker
0%
78 LAK PIT RW Koehn Ziemmer
0%
220 BOS D Kristian Kostadinski
0%
117 DET MIN D Larry Keenan
0%
58 NJD RW Lenni Hameenaho
0%
123 SJS COL D Luca Cagnoni
0%
114 CBJ WPG C Luca Pinelli
0%
57 SEA TOR D Lukas Dragicevic
0%
191 FLA D Luke Coughlin
0%
197 MTL D Luke Mittelstadt
0%
131 CHI LW Marcel Marcel
0%
219 COL LW Maros Jedlicka
0%
55 CHI NYR C Martin Misiak
0%
77 VGK BUF RW Mathieu Cataford
0%
216 EDM C Matt Copponi
0%
199 PHI D Matteo Mann
0%
140 OTT D Matthew Andonovski
0%
150 LAK D Matthew Mania
0%
170 STL D Matthew Mayich
0%
119 VAN NYR C Matthew Perkins
0%
45 BUF D Maxim Strbak
0%
134 ARI G Melker Thelin
0%
156 CBJ BOS G Melvin Strahl
0%
190 CAR RW Michael Emerson
0%
38 ARI G Michael Hrabal
0%
142 PIT LW Mikhail Ye. Ilyin
0%
167 CHI PHI C Milton Oscarson
0%
184 EDM G Nathaniel Day
0%
215 OTT NYR C Nicholas VanTassell
0%
67 CHI LW Nick Lardis
0%
33 ANA LW Nico Myatovic
0%
155 COL D Nikita Ishimnikov
0%
202 STL LW Nikita Susuyev
0%
73 DET C Noah Dower Nilsson
0%
72 ARI WSH LW Noel Nordh
0%
205 BUF D Norwin Panocha
0%
194 CBJ C Oiva Keskinen
0%
19 CHI TBL C Oliver Moore
0%
159 FLA G Olof Glifford
0%
52 SEA C Oscar Fisker Molgaard
0%
25 STL TOR C Otto Stenberg
0%
204 OTT C Owen Beckner
0%
104 WSH C Patrick Thomas
0%
138 STL D Paul Fischer
0%
128 MTL VGK G Quentin Miller
0%
26 SJS NJD LW Quentin Musty
0%
74 STL D Quinton Burns
0%
53 MIN C Rasmus Kumpulainen
0%
152 NYR EDM D Rasmus Larsson
0%
129 ANA D Rodwin Dionicio
0%
44 CHI OTT RW Roman Kantserov
0%
169 DET G Rudy Guimond
0%
158 CAR G Ruslan Khazheyev
0%
182 LAK RW Ryan Conmy
0%
188 BOS C Ryan Walsh
0%
133 MTL LW Sam Harris
0%
162 ARI CBJ C Samu Bau
0%
89 VAN TOR D Sawyer Mynio
0%
141 BUF G Scott Ratzlaff
0%
173 BUF D Sean Keohane
0%
221 DAL LW Sebastian Bradshaw
0%
126 CAR RW Stanislav Yarovoy
0%
198 FLA ARI RW Stepan Zvyagin
0%
143 NSH C Sutter Muzzatti
0%
81 ARI NYI C Tanner Ludtke
0%
24 NSH EDM D Tanner Molendyk
0%
102 ARI D Terrell Goldsmith
0%
29 STL DAL D Theo Lindstein
0%
151 WPG NYR G Thomas Milic
0%
163 CAR CHI LW Timur Mukhanov
0%
41 DET G Trey Augustine
0%
61 DAL D Tristan Bertucci
0%
192 VGK C Tuomas Uronen
0%
183 NYR LW Ty Henricks
0%
105 VAN DET C Ty Mueller
0%
88 ARI EDM LW Vadim Moroz
0%
107 VAN LW Vilmer Alriksson
0%
168 SEA WSH G Visa Vedenpaa
0%
207 OTT NSH G Vladimir Nikitin
0%
161 ANA D Vojtech Port
0%
66 CBJ C William Whitelaw
0%
203 SJS VAN RW Yegor Rimashevsky
0%
85 ANA MIN C Yegor Sidorov
0%
222 CAR G Yegor Velmakin
0%
176 CGY G Yegor Yegorov
0%
87 PHI NYR G Yegor Zavragin
0%
144 MTL CGY G Yevgeni Volokhin
0%
212 SEA RW Zaccharya Wisdom
0%
82 WPG RW Zachary Nehring
0%
177 NYI D Zach Schulz
0%
180 SEA C Zeb Forsfjall
0%
No matching quizzes found
Score Distribution
Percent of People with Each Score
Percentile by Number Answered
Your Score History
You have not taken this quiz